| 000 | 00448nam#a2200193#c#4500 | ||
|---|---|---|---|
| 003 | IEF | ||
| 005 | 20180219172534.0 | ||
| 008 | 950907suuuu uuu####fr####| 0||u| |u | ||
| 040 | _aIEF | ||
| 100 | 1 |
_aRuskin, John _938953 |
|
| 245 | _aUnto this last | ||
| 260 |
_aMadrid _b Lib. de Fernando Fe |
||
| 300 |
_a206 p. _c 19 cm. |
||
| 650 | 4 |
_aECONOMIA _943074 |
|
| 650 | 4 |
_aESTUDIOS _943582 |
|
| 942 | _cLIB | ||
| 942 | _z78335 | ||
| 999 |
_c122788 _d122788 |
||